00397nam a2200145 4500003000900000005001700009008004100026020002700067040001300094082001500107100001800122245005200140260004200192650001700234SEACOMEC20240521124727.0240521b |||||||| |||| 00| 0 eng d a 8121906547.cRs.45.00 aSEACOMEC a621.1bK45 a Khurmi, R.S.1 aSteam Table : With mollier DiagramcR.S. Khurmi a New DelhibS. Chand Publishingc2008 aSteam Tables